[Event "Ì11Ï"]
[Site "Loo"]
[Date "2017.04.21"]
[Round "2.29"]
[White "Âàõòèí, Ïåòð."]
[Black "Óëüÿíîâ, Íèêèòà."]
[Result "1-0"]
[WhiteElo "1428"]
[BlackElo "1316"]
[PlyCount "103"]
[EventDate "2017.04.20"]

1. c4 e5 2. Nc3 d6 3. g3 Nc6 4. Bg2 Nf6 5. Nf3 Bg4 6. O-O Be7 7. d3 h6 8. Bd2
O-O 9. Rb1 Qd7 10. a3 Bh3 11. b4 Bxg2 12. Kxg2 Rfe8 13. b5 Nd4 14. Nxd4 exd4
15. Na2 d5 16. Bb4 dxc4 17. dxc4 Bxb4 18. Rxb4 c5 19. Rb2 Ng4 20. Rc2 Qf5 21.
Qd3 Qxd3 22. exd3 Re7 23. h3 Nf6 24. Nc1 Rae8 25. f4 Re3 26. g4 Nd7 27. Rf3
Rxf3 28. Kxf3 Re3+ 29. Kg2 Kh7 30. Re2 Rxe2+ 31. Nxe2 g5 32. Kf3 Kg6 33. Ng3
gxf4 34. Kxf4 f6 35. Ne4 b6 36. h4 Ne5 37. Nf2 h5 38. g5 Nd7 39. gxf6 Nxf6 40.
a4 Nd7 41. Ne4 Nf6 42. Nd6 Ng4 43. Kf3 Ne5+ 44. Ke2 Kf6 45. Nc8 Kf5 46. Nxa7
Kg4 47. Nc8 Nd7 48. Nxb6 Nxb6 49. a5 Nc8 50. b6 Nd6 51. a6 Kxh4 52. b7 1-0

[Event "Ì11Ï"]
[Site "Loo"]
[Date "2017.04.21"]
[Round "2.30"]
[White "Èñàéêèí, Âàëåðèé."]
[Black "Öûáåíîâ, Àðñëàí."]
[Result "1-0"]
[WhiteElo "1297"]
[BlackElo "1425"]
[PlyCount "89"]
[EventDate "2017.04.20"]

1. d4 d5 2. c4 e6 3. Nf3 Nf6 4. Bg5 Be7 5. e3 O-O 6. Nc3 b6 7. cxd5 Nxd5 8.
Bxe7 Qxe7 9. Nxd5 exd5 10. Bd3 Bb7 11. Qc2 h6 12. O-O Nd7 13. Qxc7 Bc8 14. Qc6
Rb8 15. Qxd5 Bb7 16. Qf5 Nf6 17. Ne5 Rfe8 18. Ng4 Kf8 19. Nxf6 Qxf6 20. Qxf6
gxf6 21. Rac1 Rbc8 22. Bf5 Rcd8 23. Rc7 Re7 24. Rfc1 Rde8 25. Bd7 Rd8 26. Bb5
Rxc7 27. Rxc7 Rb8 28. Bc4 Rc8 29. Rxf7+ Ke8 30. Rxb7 Rxc4 31. g3 Rc2 32. Rxa7
Rxb2 33. a4 b5 34. axb5 Rxb5 35. Rh7 Rh5 36. Kg2 Kf8 37. h4 Kg8 38. Ra7 Rb5 39.
f4 f5 40. Kf3 h5 41. Rc7 Rb6 42. Rc5 Rf6 43. e4 fxe4+ 44. Kxe4 Re6+ 45. Re5 1-0

[Event "Ì11Ï"]
[Site "Loo"]
[Date "2017.04.21"]
[Round "2.31"]
[White "Øåâåë¸â, Äàíèèë."]
[Black "Ãàãàðèíîâ, Àíäðåé."]
[Result "0-1"]
[WhiteElo "1418"]
[BlackElo "1297"]
[PlyCount "80"]
[EventDate "2017.04.20"]

1. c4 e5 2. Nc3 Nf6 3. Nf3 Nc6 4. d4 exd4 5. Nxd4 Bb4 6. a3 Bxc3+ 7. bxc3 O-O
8. e3 Ne7 9. Be2 d5 10. cxd5 Nfxd5 11. c4 Nc3 12. Qc2 Nxe2 13. Qxe2 c5 14. Nf3
b6 15. O-O Ba6 16. Bb2 f6 17. Qc2 Qe8 18. Rfd1 Qf7 19. Rd7 Bc8 20. Rdd1 Be6 21.
Rdc1 Nc6 22. Bc3 Bxc4 23. Qe4 Bd5 24. Qf4 Bxf3 25. Qxf3 Ne7 26. a4 Nd5 27. Be1
Rac8 28. a5 b5 29. a6 c4 30. Rd1 Nb6 31. Rdb1 Qd7 32. Rd1 Qc6 33. Qg3 Rfd8 34.
Rdc1 Na4 35. Ba5 Rd7 36. Qg4 Rd5 37. Rd1 Rxd1+ 38. Rxd1 Nc5 39. Bc3 Qe6 40. Qg3
Ne4 0-1

[Event "Ì11Ï"]
[Site "Loo"]
[Date "2017.04.21"]
[Round "2.32"]
[White "Øåëåïíåâ, Àðòåì."]
[Black "Ñèìàêîâ, Âàäèì."]
[Result "0-1"]
[WhiteElo "1413"]
[BlackElo "1296"]
[PlyCount "98"]
[EventDate "2017.04.20"]

1. e4 e5 2. Nf3 Nc6 3. d4 exd4 4. Nxd4 g6 5. c4 Bg7 6. Nc2 Nf6 7. Nc3 d6 8. Be2
Be6 9. O-O O-O 10. Re1 Nd7 11. Bd2 f5 12. exf5 Bxf5 13. Bf3 Nde5 14. Bd5+ Kh8
15. Bxc6 bxc6 16. Nd4 Nd3 17. Nxf5 Rxf5 18. Re3 Nxf2 19. Qe2 Bd4 20. Rf1 Bxe3
21. Bxe3 Nh3+ 22. gxh3 Rxf1+ 23. Qxf1 c5 24. Nd5 Qf8 25. Nxc7 Qxf1+ 26. Kxf1
Rf8+ 27. Kg2 Kg8 28. Nb5 Re8 29. Kf3 Rf8+ 30. Ke2 Rd8 31. h4 a6 32. Nc7 Rb8 33.
b3 Kf7 34. Bg5 Rc8 35. Nd5 Ke6 36. Ke3 Ke5 37. Bf4+ Ke6 38. Ke4 a5 39. Nc3 Rc6
40. a4 Ra6 41. Nb5 Rb6 42. Nc7+ Kd7 43. Nb5 Ke6 44. Bg5 Rb8 45. h3 Rc8 46. Na7
Re8 47. Nc6 Kd7+ 48. Kd5 Re1 49. Nxa5 Re5# 0-1

[Event "Ì11Ï"]
[Site "Loo"]
[Date "2017.04.21"]
[Round "2.33"]
[White "Ãðèøèí, ßðîñëàâ."]
[Black "Äîâáíÿ, Íèêèòà."]
[Result "0-1"]
[WhiteElo "1296"]
[BlackElo "1408"]
[PlyCount "90"]
[EventDate "2017.04.20"]

1. e4 c5 2. Nf3 Nc6 3. d4 cxd4 4. Nxd4 Qc7 5. Nc3 e6 6. Be3 Nf6 7. Qf3 a6 8.
O-O-O Bb4 9. Nxc6 bxc6 10. Bd4 Be7 11. Qg3 Qxg3 12. hxg3 d5 13. exd5 cxd5 14.
Re1 Bd7 15. Bd3 h6 16. Bxf6 gxf6 17. Rh5 Bc6 18. Reh1 Bf8 19. Re1 Kd7 20. Rh4
f5 21. Na4 Kc7 22. Nc3 Bc5 23. Reh1 Bxf2 24. Rxh6 Rxh6 25. Rxh6 Be3+ 26. Kd1
Bxh6 27. Ne2 Bb5 28. Bxb5 axb5 29. a3 b4 30. Nd4 bxa3 31. bxa3 Bg7 32. Nb5+ Kc6
33. a4 Rxa4 34. c4 dxc4 35. Na7+ Rxa7 36. g4 Ra2 37. gxf5 exf5 38. g4 Rg2 39.
gxf5 c3 40. f6 Bf8 41. Kc1 c2 42. Kb2 Ba3+ 43. Kxa3 c1=Q+ 44. Kb3 Rb2+ 45. Ka3
Qa1# 0-1

[Event "Ì11Ï"]
[Site "Loo"]
[Date "2017.04.21"]
[Round "2.34"]
[White "Çåíêîâ, Ìàêñèì."]
[Black "Ôàèçîâ, Ðàèëü."]
[Result "1/2-1/2"]
[WhiteElo "1408"]
[BlackElo "1293"]
[PlyCount "82"]
[EventDate "2017.04.20"]

1. e4 e5 2. Nf3 Nc6 3. Bc4 Nf6 4. d3 Bc5 5. Nc3 d6 6. Be3 Bb6 7. O-O O-O 8. Bg5
h6 9. Bh4 Be6 10. Nd5 Bxd5 11. Bxd5 Rb8 12. Qd2 Qe7 13. Ne1 Nxe4 14. dxe4 Qxh4
15. Nd3 Ne7 16. Kh1 Nxd5 17. exd5 Qf6 18. Rae1 Rfe8 19. Re4 Qg6 20. Rfe1 Re7
21. a4 a6 22. a5 Ba7 23. Qb4 f6 24. Nf4 Qe8 25. Ne6 Qb5 26. Qxb5 axb5 27. Nd4
Rf7 28. Nxb5 Bxf2 29. R1e2 f5 30. Rc4 Bc5 31. b4 c6 32. bxc5 cxb5 33. Rb4 Rd7
34. Rxb5 dxc5 35. a6 Rxd5 36. h3 b6 37. c4 Rd1+ 38. Kh2 Ra1 39. Rxe5 Rxa6 40.
Rexc5 bxc5 41. Rxb8+ Kh7 1/2-1/2

[Event "Ì11Ï"]
[Site "Loo"]
[Date "2017.04.21"]
[Round "2.35"]
[White "Êîðîëåâ, Àðòåì (Ñ-Ï)."]
[Black "Âîëîâè÷, Åâãåíèé."]
[Result "1-0"]
[WhiteElo "1403"]
[BlackElo "1292"]
[PlyCount "83"]
[EventDate "2017.04.20"]

1. c4 e5 2. Nc3 Nf6 3. g3 Bc5 4. Bg2 O-O 5. e3 Re8 6. Nge2 Nc6 7. O-O d6 8. d4
exd4 9. Nxd4 Bxd4 10. exd4 Bf5 11. a3 Qd7 12. Bg5 Ne4 13. Nxe4 Bxe4 14. f3 Bf5
15. g4 Bg6 16. Qa4 h6 17. Bh4 Re2 18. d5 Nb8 19. Qb3 Na6 20. Qxb7 Qc8 21. Qxc8+
Rxc8 22. Rf2 Rce8 23. Bf1 Rxf2 24. Bxf2 Nc5 25. Bxc5 dxc5 26. Kf2 Rb8 27. b4
cxb4 28. axb4 Rxb4 29. Rxa7 Rb2+ 30. Kg3 Rb1 31. Bg2 Kf8 32. Rxc7 Ke8 33. d6
Rd1 34. c5 Bc2 35. Bh3 g5 36. Re7+ Kf8 37. c6 Rxd6 38. c7 Rc6 39. Rd7 Kg7 40.
Bf1 Kf6 41. Ba6 Ba4 42. Rd6+ 1-0

[Event "Ì11Ï"]
[Site "Loo"]
[Date "2017.04.21"]
[Round "2.36"]
[White "Íîâèêîâ, Ôåäîð."]
[Black "Ïóãà÷, Ãëåá."]
[Result "0-1"]
[WhiteElo "1287"]
[BlackElo "1403"]
[PlyCount "176"]
[EventDate "2017.04.20"]

1. e4 c5 2. c4 g6 3. Nc3 Bg7 4. g3 Nc6 5. Bg2 d6 6. Nge2 e6 7. O-O Nge7 8. d3
O-O 9. Be3 Nd4 10. Rb1 Nec6 11. f4 Bd7 12. a3 a5 13. h3 Qc7 14. Nb5 Nxb5 15.
cxb5 Nd4 16. a4 Rac8 17. g4 f5 18. Rc1 Qb8 19. Rc4 e5 20. gxf5 gxf5 21. Bd2 Be6
22. Rc1 Bb3 23. Qe1 Bxa4 24. Nxd4 exd4 25. exf5 Rce8 26. Qg3 Bxb5 27. Bxa5 Bc6
28. Bxc6 bxc6 29. Qg2 Qb5 30. Be1 Qxd3 31. Qxc6 Qxh3 32. Qxd6 Qg4+ 33. Kh1 Rf6
34. Qd5+ Kh8 35. Qg2 Qxg2+ 36. Kxg2 Re2+ 37. Kf3 Rxb2 38. Rxc5 Kg8 39. Rd5 Ra6
40. Rg1 Ra3+ 41. Kg4 Ra4 42. Kf3 Rb3+ 43. Kg2 Ra2+ 44. Bf2 Rbb2 45. Rf1 Ra3 46.
Kg1 d3 47. Be3 Raa2 48. Rf2 Rxf2 49. Bxf2 d2 50. Kf1 Bc3 51. Ke2 Ra1 52. Rxd2
Bxd2 53. Kxd2 Ra5 54. f6 Kf7 55. Bd4 h5 56. Ke2 Ra3 57. Kf2 h4 58. Kg2 Ra4 59.
Be5 Ra3 60. Kh2 h3 61. Bd4 Rd3 62. Be5 Rf3 63. Kh1 Rf2 64. Bd4 Rxf4 65. Bg1
Kxf6 66. Kh2 Rf3 67. Kh1 Kf5 68. Kh2 Kg4 69. Kh1 Rb3 70. Kh2 Rb2+ 71. Kh1 Rg2
72. Bh2 Kf3 73. Bg1 Kg3 74. Bb6 h2 75. Ba7 Ra2 76. Bb8+ Kh3 77. Be5 Rd2 78.
Bxh2 Rxh2+ 79. Kg1 Ra2 80. Kf1 Kg3 81. Ke1 Kf3 82. Kd1 Ke3 83. Kc1 Rh2 84. Kb1
Kd3 85. Ka1 Kc3 86. Kb1 Rg2 87. Ka1 Kb3 88. Kb1 Rg1# 0-1

[Event "Ì11Ï"]
[Site "Loo"]
[Date "2017.04.21"]
[Round "2.37"]
[White "Òåòþåâ, Ñòåïàí."]
[Black "Åôèìîâ, Ëåîíèä."]
[Result "0-1"]
[WhiteElo "1395"]
[BlackElo "1287"]
[PlyCount "88"]
[EventDate "2017.04.20"]

1. e4 c5 2. d4 g6 3. dxc5 Qa5+ 4. Nc3 Bg7 5. Bd2 Qxc5 6. Nf3 Nf6 7. Bd3 O-O 8.
O-O Nc6 9. Be3 Qb4 10. a3 Qxb2 11. Qd2 Ng4 12. Rfb1 Qxc3 13. Qc1 Nxe3 14. Qxe3
b6 15. Rd1 Qc5 16. Qxc5 bxc5 17. Rab1 d6 18. e5 Nxe5 19. Nxe5 Bxe5 20. Be4 Ba6
21. Bxa8 Rxa8 22. g3 e6 23. Rd2 d5 24. Kg2 Bc3 25. Rdd1 Kf8 26. Rb3 Be5 27. f4
Bc7 28. Rc3 Bb6 29. Rb3 Bc7 30. Rdb1 Ke7 31. Re3 Kd7 32. Rd1 Bb7 33. Kf1 Ba6+
34. Kg2 Rb8 35. g4 Bxf4 36. Rf3 Be2 37. Rxf4 Bxd1 38. Rxf7+ Kd6 39. Rxh7 Bxc2
40. Rxa7 Rb2 41. Ra6+ Ke5 42. Ra7 Be4+ 43. Kh3 g5 44. Ra8 Rb3# 0-1

[Event "Ì11Ï"]
[Site "Loo"]
[Date "2017.04.21"]
[Round "2.38"]
[White "Ïîçäååâ, Äìèòðèé."]
[Black "Øóøóíîâ, Àëåêñåé."]
[Result "0-1"]
[WhiteElo "1281"]
[BlackElo "1394"]
[PlyCount "84"]
[EventDate "2017.04.20"]

1. e4 c6 2. d4 d5 3. e5 Bf5 4. Nf3 e6 5. Be2 c5 6. c4 Nc6 7. dxc5 dxc4 8. Qa4
Bd3 9. Nc3 Bxc5 10. Qb5 Qb6 11. Qxb6 Bxb6 12. Bxd3 cxd3 13. Ne4 Bc7 14. Bf4
Nge7 15. Nd6+ Bxd6 16. exd6 Nd5 17. Bg3 h6 18. Ne5 Nxe5 19. Bxe5 f6 20. Bg3 Rd8
21. Kd2 e5 22. Rhe1 Kf7 23. Kxd3 Rxd6 24. Ke4 Rhd8 25. f4 Nxf4 26. Bxf4 Rd4+
27. Ke3 Rxf4 28. Rac1 Rfd4 29. Rc7+ R4d7 30. Rec1 Ke6 31. Ke4 f5+ 32. Ke3 Rd3+
33. Ke2 Rd2+ 34. Ke1 Rxg2 35. Rxb7 Rg1+ 36. Ke2 Rxc1 37. Rxa7 Rc2+ 38. Ke3 Rcd2
39. Ra3 Rxb2 40. h4 Rdd2 41. Rb3 Rxb3+ 42. axb3 Rb2 0-1

[Event "Ì11Ï"]
[Site "Loo"]
[Date "2017.04.21"]
[Round "2.39"]
[White "Øîâêàíü, Òàðàñ."]
[Black "Íîâèêîâ, Äåíèñ."]
[Result "1/2-1/2"]
[WhiteElo "1278"]
[BlackElo "1393"]
[PlyCount "92"]
[EventDate "2017.04.20"]

1. c4 c5 2. Nc3 Nc6 3. g3 g6 4. Bg2 Bg7 5. Nf3 e6 6. d4 cxd4 7. Nb5 d5 8. cxd5
Qa5+ 9. Qd2 Qxb5 10. dxc6 Qxc6 11. O-O Qd6 12. e3 Ne7 13. Nxd4 O-O 14. Rd1 Qa6
15. Qe2 Qxe2 16. Nxe2 Rb8 17. Rb1 e5 18. Be4 Bg4 19. f3 Bh3 20. g4 f5 21. gxf5
Bxf5 22. Bxf5 Rxf5 23. Kf2 e4 24. Ng3 Rxf3+ 25. Kg2 Rf7 26. Nxe4 Nf5 27. Ng3
Nh4+ 28. Kh3 Nf3 29. b3 Ng5+ 30. Kg2 Rc8 31. Rd2 h5 32. Bb2 Nf3 33. Re2 Bxb2
34. Rexb2 Ne5 35. Rd1 Ng4 36. Re1 Rc3 37. Rbe2 h4 38. h3 Ne5 39. Ne4 Rd3 40.
Rf1 Rxf1 41. Kxf1 Rd1+ 42. Re1 Rxe1+ 43. Kxe1 Kf7 44. Nd6+ Ke6 45. Nxb7 Kd5 46.
Na5 Ke4 1/2-1/2

[Event "Ì11Ï"]
[Site "Loo"]
[Date "2017.04.21"]
[Round "2.40"]
[White "Êóëàêîâ, Òèìîôåé."]
[Black "Íàäâèäîâ, Ýëüâåê."]
[Result "1-0"]
[WhiteElo "1392"]
[BlackElo "1285"]
[PlyCount "77"]
[EventDate "2017.04.20"]

1. e4 e5 2. Nf3 Nc6 3. Bb5 a6 4. Ba4 b5 5. Bb3 Bc5 6. O-O Nf6 7. Re1 O-O 8. c3
d6 9. h3 Be6 10. d4 Bxb3 11. axb3 exd4 12. cxd4 Bb4 13. Nc3 Re8 14. Qc2 Qd7 15.
Bg5 Nh5 16. Re2 h6 17. Bh4 Nf4 18. Re3 Ne7 19. Bg3 Neg6 20. Nh4 Qc6 21. Nxg6
Nxg6 22. Qc1 Bxc3 23. Qxc3 Qb7 24. Rae1 f6 25. Qc2 Ne7 26. e5 Nd5 27. R3e2 dxe5
28. dxe5 Qb6 29. exf6 Rxe2 30. Rxe2 Qxf6 31. Be5 Qf7 32. Qc6 Rf8 33. Qxa6 Nb4
34. Qxb5 Qxb3 35. Bc3 c5 36. Qxc5 Nd3 37. Qd4 Qd1+ 38. Kh2 Rf7 39. Re8+ 1-0

[Event "Ì11Ï"]
[Site "Loo"]
[Date "2017.04.21"]
[Round "2.41"]
[White "Çàêèðîâ, Òèìóð."]
[Black "Êóõòèí, Âëàäèñëàâ."]
[Result "1-0"]
[WhiteElo "1253"]
[BlackElo "1392"]
[PlyCount "59"]
[EventDate "2017.04.20"]

1. e4 e5 2. Nf3 Nc6 3. Nc3 Nf6 4. Be2 Bc5 5. O-O O-O 6. b3 d5 7. exd5 Nxd5 8.
Bb2 Be6 9. Ne4 Bd6 10. Bb5 f6 11. Re1 a6 12. Bxc6 bxc6 13. d4 exd4 14. Qxd4 c5
15. Nxc5 Bf5 16. Qxd5+ Kh8 17. Qxf5 Rb8 18. Ne4 Rb5 19. Qg4 Bb4 20. c3 Ba5 21.
Rad1 Qb8 22. b4 Bb6 23. Rd7 Rg8 24. a4 f5 25. Nfg5 Rf8 26. Qh5 h6 27. Nf6 Bxf2+
28. Kh1 Bh4 29. Qxh6+ gxh6 30. Rh7# 1-0

[Event "Ì11Ï"]
[Site "Loo"]
[Date "2017.04.21"]
[Round "2.42"]
[White "Îñèïåíêî, Èâàí."]
[Black "Ïè÷êàñîâ, Âàäèì."]
[Result "1-0"]
[WhiteElo "1390"]
[BlackElo "1277"]
[PlyCount "45"]
[EventDate "2017.04.20"]

1. d4 e6 2. e4 d5 3. e5 c5 4. Nf3 Qb6 5. Be2 Nc6 6. c3 cxd4 7. cxd4 Nge7 8. Nc3
Nf5 9. Bb5 Bb4 10. Bxc6+ Qxc6 11. Qb3 Bxc3+ 12. bxc3 O-O 13. O-O b5 14. a4 bxa4
15. Rxa4 Bd7 16. Ra5 Qb6 17. Qa3 Bb5 18. Rd1 Rfc8 19. Rd2 a6 20. Rb2 Ra7 21.
Rbxb5 axb5 22. Rxa7 h6 23. g4 1-0

[Event "Ì11Ï"]
[Site "Loo"]
[Date "2017.04.21"]
[Round "2.43"]
[White "ßò÷åíêî, Ëåîíèä."]
[Black "Ãàñàíîâ, Ôóàä."]
[Result "1-0"]
[WhiteElo "1233"]
[BlackElo "1390"]
[PlyCount "73"]
[EventDate "2017.04.20"]

1. e4 d6 2. d4 e5 3. dxe5 dxe5 4. Qxd8+ Kxd8 5. Bc4 Nc6 6. c3 h6 7. Bxf7 Nf6 8.
Bd5 Ne7 9. Nf3 Nexd5 10. exd5 Nxd5 11. Nxe5 Be6 12. c4 Nb6 13. Ng6 Rg8 14. Nxf8
Rxf8 15. b3 Nd7 16. Bb2 Rf7 17. Nc3 Nc5 18. O-O-O+ Kc8 19. Rd2 b6 20. Rhd1 Kb7
21. f3 a5 22. Re1 Bf5 23. Re3 Be6 24. Ba3 Bd7 25. Bxc5 bxc5 26. Rd5 Kc6 27.
Ree5 Kb7 28. Ne4 Bc6 29. Nxc5+ Kb6 30. Re6 Rf6 31. Nd7+ Kb7 32. Nxf6 Bxd5 33.
Nxd5 c6 34. Re7+ Kb8 35. Re8+ Kb7 36. Rxa8 Kxa8 37. Nf4 1-0

[Event "Ì11Ï"]
[Site "Loo"]
[Date "2017.04.21"]
[Round "2.44"]
[White "Ãðèùåíêî, Àðò¸ì."]
[Black "Õàððàñîâ, Äìèòðèé."]
[Result "1-0"]
[WhiteElo "1384"]
[BlackElo "1232"]
[PlyCount "73"]
[EventDate "2017.04.20"]

1. e4 e5 2. Nf3 Nc6 3. Bb5 Bc5 4. c3 Nf6 5. d4 exd4 6. e5 Nd5 7. cxd4 Bb4+ 8.
Bd2 Bxd2+ 9. Nbxd2 O-O 10. O-O a6 11. Bc4 Nce7 12. Qb3 c6 13. Ne4 b5 14. Bd3
Nf4 15. Nfg5 Nxd3 16. Qxd3 Ng6 17. h4 h6 18. h5 hxg5 19. hxg6 fxg6 20. Nd6 Kh7
21. Qh3+ Kg8 22. Qb3+ Kh7 23. Qh3+ Kg8 24. Qb3+ Kh7 25. Qh3+ Kg8 26. g3 Qb6 27.
Rad1 Qc7 28. Kg2 Bb7 29. Rh1 c5+ 30. d5 Bxd5+ 31. Rxd5 Rxf2+ 32. Kxf2 Rf8+ 33.
Kg2 Rf2+ 34. Kxf2 Qxd6 35. Rxd6 Kf7 36. Qxd7+ Kg8 37. Qe8# 1-0

[Event "Ì11Ï"]
[Site "Loo"]
[Date "2017.04.21"]
[Round "2.45"]
[White "Èâàíàåâ, Âëàäèñëàâ."]
[Black "Ïîòàïîâ, Äìèòðèé."]
[Result "0-1"]
[WhiteElo "1114"]
[BlackElo "1383"]
[PlyCount "70"]
[EventDate "2017.04.20"]

1. e4 e5 2. Nf3 Nc6 3. Bc4 Bc5 4. d3 d6 5. h3 h6 6. Nc3 Nf6 7. O-O g5 8. Be3 g4
9. hxg4 Bxg4 10. Qe2 Qd7 11. Bxc5 dxc5 12. Bb5 Qd6 13. Qe3 Bxf3 14. Qxf3 O-O-O
15. Ne2 Nd4 16. Nxd4 cxd4 17. Rfb1 Rdg8 18. b4 Ng4 19. a4 Qg6 20. Qf5+ Qxf5 21.
exf5 Rg5 22. f3 Ne3 23. g4 Nxc2 24. Bc4 Nxa1 25. Rxa1 h5 26. Bxf7 hxg4 27. Be6+
Kd8 28. fxg4 Rxg4+ 29. Kf2 Rf4+ 30. Ke2 Rh2+ 31. Ke1 Rh1+ 32. Ke2 Rxa1 33. a5
Ra4 34. b5 Rxa5 35. Bc4 Rxf5 0-1

[Event "Ì11Ï"]
[Site "Loo"]
[Date "2017.04.21"]
[Round "2.46"]
[White "Çàêèðîâ, Ìóñà."]
[Black "Íèêèòèí, Àðòåì."]
[Result "1-0"]
[WhiteElo "1380"]
[BlackElo "1148"]
[PlyCount "95"]
[EventDate "2017.04.20"]

1. c4 e6 2. Nc3 d5 3. d4 Nf6 4. Bg5 Be7 5. e3 Bd7 6. Bxf6 Bxf6 7. cxd5 exd5 8.
Nxd5 O-O 9. Nxf6+ Qxf6 10. Nf3 Bf5 11. Bd3 Nc6 12. O-O Rad8 13. Bxf5 Qxf5 14.
Re1 Rfe8 15. a3 Ne7 16. e4 Qb5 17. Qc2 Qb6 18. Rac1 c6 19. Re2 Rd6 20. Qc5 Qxc5
21. dxc5 Rdd8 22. Ree1 Rd3 23. Red1 Rb3 24. Rc2 Ng6 25. Nd4 Rb5 26. Nxb5 cxb5
27. f3 f6 28. Rd7 Rb8 29. Rcd2 Ne5 30. Rd8+ Rxd8 31. Rxd8+ Kf7 32. Rb8 Kg6 33.
Rxb7 Nd3 34. Rxb5 a6 35. Rb6 Nxc5 36. b4 Nd7 37. Rxa6 Kf7 38. a4 Ke7 39. a5 Nb8
40. Ra7+ Kd6 41. Rxg7 Nc6 42. a6 Ke6 43. b5 Ne7 44. a7 Nc8 45. a8=Q Ne7 46.
Qa6+ Kd7 47. Qb7+ Kd6 48. Qxe7# 1-0

[Event "Ì11Ï"]
[Site "Loo"]
[Date "2017.04.21"]
[Round "2.47"]
[White "Øàëèìîâ, Âëàäèìèð."]
[Black "Ñâèðèäîâ, Ìàêñèì."]
[Result "1/2-1/2"]
[WhiteElo "1087"]
[BlackElo "1377"]
[PlyCount "120"]
[EventDate "2017.04.20"]

1. e4 c5 2. Nf3 e6 3. d4 cxd4 4. Nxd4 a6 5. Nc3 b5 6. Be3 Bb7 7. f3 Qc7 8. Qd2
Nf6 9. O-O-O b4 10. Na4 d5 11. e5 Nfd7 12. f4 Nc6 13. b3 Qa5 14. Kb1 Nxd4 15.
Bxd4 Nc5 16. Nxc5 Bxc5 17. Qe3 Rc8 18. Bd3 Bxd4 19. Qxd4 Qc5 20. Qxc5 Rxc5 21.
g3 Ke7 22. Rhe1 g6 23. g4 h5 24. h3 hxg4 25. hxg4 Rh4 26. Rg1 Rc8 27. f5 gxf5
28. gxf5 Rh5 29. Rdf1 exf5 30. Rxf5 Rxf5 31. Bxf5 Rh8 32. Re1 Rh6 33. Kb2 Bc6
34. Bc8 a5 35. a3 Bd7 36. Bb7 Ke6 37. Rd1 bxa3+ 38. Kxa3 Rh2 39. Rxd5 Rxc2 40.
Rxa5 Re2 41. Bd5+ Ke7 42. Bc4 Re3 43. Kb2 f6 44. exf6+ Kxf6 45. b4 Ke7 46. b5
Bxb5 47. Rxb5 Kf6 48. Ra5 Ke7 49. Kc2 Kf6 50. Kd2 Rg3 51. Ra6+ Ke5 52. Ra5+ Ke4
53. Rh5 Kd4 54. Rh4+ Ke5 55. Bd3 Rg5 56. Re4+ Kd5 57. Rb4 Rg2+ 58. Kc3 Rg3 59.
Rb5+ Kc6 60. Kc4 Rxd3 1/2-1/2

[Event "Ì11Ï"]
[Site "Loo"]
[Date "2017.04.21"]
[Round "2.51"]
[White "Ðàêèòèí, Äàíèèë."]
[Black "Ìîøêîâ, Àëåêñàíäð."]
[Result "1/2-1/2"]
[WhiteElo "1663"]
[BlackElo "1178"]
[PlyCount "89"]
[EventDate "2017.04.20"]

1. e4 c5 2. Nf3 d6 3. d4 cxd4 4. Nxd4 Nf6 5. Nc3 g6 6. Be3 Bg7 7. Be2 O-O 8.
Qd2 Nc6 9. Nxc6 bxc6 10. f3 Rb8 11. Rb1 c5 12. O-O Bb7 13. Kh1 Qc7 14. Bh6 Rfd8
15. Bxg7 Kxg7 16. a4 a6 17. b3 d5 18. exd5 Nxd5 19. Nxd5 Rxd5 20. Qc3+ Kg8 21.
Kg1 Rh5 22. f4 Rf5 23. Qe3 Rd8 24. Bd3 Rf6 25. Rbe1 Re6 26. Qf2 Rf6 27. Re5 Rd5
28. Rfe1 Rxe5 29. Rxe5 Qxe5 30. fxe5 Rxf2 31. Kxf2 Kg7 32. g3 a5 33. Ke3 Kh6
34. Be4 Ba6 35. Bd3 Bb7 36. Bf1 Kg5 37. Bh3 Bd5 38. Kd3 f6 39. exf6 exf6 40.
Ke3 f5 41. Bf1 Kg4 42. Kf2 Be4 43. h3+ Kg5 44. h4+ Kf6 45. c3 1/2-1/2

[Event "Ì11Ï"]
[Site "Loo"]
[Date "2017.04.21"]
[Round "2.52"]
[White "Ìåðöàëîâ, Ñåì¸í."]
[Black "Êîïûëîâ, Àðò¸ì."]
[Result "0-1"]
[WhiteElo "1215"]
[BlackElo "1481"]
[PlyCount "62"]
[EventDate "2017.04.20"]

1. e4 c5 2. Nf3 e6 3. d4 cxd4 4. Nxd4 Nf6 5. Bd3 d5 6. e5 Nfd7 7. f4 Nc6 8.
Nxc6 bxc6 9. O-O Bc5+ 10. Kh1 O-O 11. Qg4 Qe7 12. Bd2 f6 13. Nc3 fxe5 14. fxe5
Nxe5 15. Qh5 Nxd3 16. cxd3 Ba6 17. Qh3 Rf7 18. Rxf7 Qxf7 19. Re1 Rf8 20. g3
Qf3+ 21. Qg2 Qxg2+ 22. Kxg2 Rf2+ 23. Kh3 Rxd2 24. Rxe6 Bc8 25. g4 Bxe6 26. Na4
Bd6 27. Kh4 Rxh2+ 28. Kg5 h6+ 29. Kg6 Rf2 30. Kh5 Bf7+ 31. Kh4 Rh2# 0-1

[Event "Ì11Ï"]
[Site "Loo"]
[Date "2017.04.21"]
[Round "2.53"]
[White "Êðîòîâ, Äàìèàí."]
[Black "Êóäèíîâ, Ðîìàí."]
[Result "1-0"]
[WhiteElo "1466"]
[BlackElo "1163"]
[PlyCount "169"]
[EventDate "2017.04.20"]

1. d4 Nf6 2. c4 g6 3. Nc3 Bg7 4. e4 d6 5. Nf3 O-O 6. Be2 Nc6 7. d5 Nb8 8. Bg5
Nbd7 9. Nd2 e5 10. Be3 Ne8 11. b4 b6 12. Nb3 f5 13. f3 Qe7 14. Na4 Nef6 15.
exf5 gxf5 16. c5 Nh5 17. O-O Qh4 18. c6 Ndf6 19. Qd2 Nf4 20. Bxf4 exf4 21. Rad1
Nh5 22. Bc4 Rf6 23. Qf2 Ng3 24. Rfe1 Rh6 25. h3 Be5 26. a3 a6 27. Nb2 a5 28. b5
a4 29. Nd4 Qf6 30. Rd2 Rg6 31. Rb1 Ne4 32. fxe4 fxe4 33. Nd1 Bxh3 34. Bf1 Qg5
35. Ne6 Bxe6 36. dxe6 e3 37. Nxe3 Rf8 38. Bc4 Rc8 39. Nd5 f3 40. e7 Kg7 41. Bd3
Rh6 42. Qe3 Bh2+ 43. Kf1 Qxd5 44. gxf3 Re6 45. Be4 Qc4+ 46. Qd3 Qxd3+ 47. Bxd3
Bf4 48. Rg2+ Kf6 49. Bxh7 Rxe7 50. Be4 Rh8 51. Rb4 Rh1+ 52. Rg1 Rxg1+ 53. Kxg1
Re5 54. Bd3 Re3 55. Rxf4+ Ke5 56. Re4+ Rxe4 57. Bxe4 Kf4 58. Kf2 Ke5 59. Ke3 d5
60. Bd3 d4+ 61. Ke2 Kf4 62. Kf2 Ke5 63. Kg3 Kd5 64. Kf4 Kc5 65. Ke4 Kd6 66.
Kxd4 Ke6 67. f4 Kd6 68. f5 Ke7 69. Ke5 Kf7 70. f6 Ke8 71. Ke6 Kf8 72. f7 Kg7
73. Ke7 Kh6 74. f8=Q+ Kg5 75. Qf5+ Kh4 76. Be2 Kg3 77. Qg4+ Kf2 78. Qf3+ Ke1
79. Ke6 Kd2 80. Kd5 Kc2 81. Kc4 Kb2 82. Qc3+ Ka2 83. Qb4 Ka1 84. Kc3 Ka2 85.
Qb2# 1-0

[Event "Ì11Ï"]
[Site "Loo"]
[Date "2017.04.21"]
[Round "2.55"]
[White "Ñòàðöåâ, Ìàêñèì."]
[Black "Ìîíãóø, Àðòûø."]
[Result "1-0"]
[WhiteElo "1196"]
[BlackElo "1299"]
[PlyCount "89"]
[EventDate "2017.04.20"]

1. Nf3 d5 2. d4 Nf6 3. e3 Bf5 4. c4 c6 5. Nc3 e6 6. Bd3 Bg6 7. O-O Be7 8. b3
O-O 9. Bb2 Nbd7 10. Qe2 a5 11. Rfe1 Bb4 12. a3 Bxc3 13. Bxc3 Bxd3 14. Qxd3 Ne4
15. Rac1 Re8 16. Nd2 Nxd2 17. Qxd2 Nf6 18. f3 Qe7 19. Qb2 h6 20. e4 Nh5 21.
exd5 Nf4 22. Qd2 Qg5 23. d6 b6 24. Kf1 Red8 25. g3 Nh3 26. Qxg5 Nxg5 27. c5
bxc5 28. dxc5 Nxf3 29. Re2 Rd7 30. h4 Rb8 31. Kg2 Nxh4+ 32. gxh4 Rxb3 33. Rb2
Rxa3 34. Rb6 a4 35. Rxc6 Ra2+ 36. Kg1 Kh7 37. Rc7 Rd8 38. d7 Ra3 39. c6 Rb8 40.
Rc8 Rbb3 41. d8=Q Rxc3 42. Rxc3 Rxc3 43. Qd2 Rg3+ 44. Kh2 Rb3 45. Qc2+ 1-0

[Event "Ä13Â"]
[Site "Loo"]
[Date "2017.04.21"]
[Round "2.1"]
[White "Ìèðîíåíêî, Ãàëèíà."]
[Black "Êóçíåöîâà, Ìàðèíà."]
[Result "1-0"]
[WhiteElo "1956"]
[BlackElo "1649"]
[PlyCount "80"]
[EventDate "2017.04.20"]

1. e4 e5 2. Nf3 Nf6 3. Nxe5 d6 4. Nf3 Nxe4 5. d4 d5 6. Bd3 Nc6 7. O-O Be7 8. c4
Bg4 9. Re1 Bxf3 10. Qxf3 Nf6 11. Qg3 Nxd4 12. Qxg7 Nf3+ 13. gxf3 Rg8 14. Qxg8+
Nxg8 15. Bxh7 Nf6 16. Bf5 Qd6 17. Nc3 c6 18. Bg5 Kf8 19. cxd5 Nxd5 20. Ne4 Qc7
21. Bh6+ Kg8 22. Kh1 Bf8 23. Rg1+ Kh8 24. Bd2 Bg7 25. Rg3 Qe5 26. Rg5 Qc7 27.
Rag1 f6 28. Rh5+ Kg8 29. Bh6 Nf4 30. Rh4 Ne2 31. Rxg7+ Qxg7 32. Bxg7 Kxg7 33.
Rh7+ Kg8 34. Nxf6+ Kf8 35. Rh8+ Kg7 36. Rxa8 Kxf6 37. Be4 Kg5 38. Rxa7 Nf4 39.
Rxb7 Nh3 40. Kg2 Nf4+ 1-0

[Event "Ä13Â"]
[Site "Loo"]
[Date "2017.04.21"]
[Round "2.2"]
[White "Ìåëåí÷óê, Îëüãà."]
[Black "Íàñûðîâà, Åêàòåðèíà."]
[Result "1-0"]
[WhiteElo "1631"]
[BlackElo "1955"]
[PlyCount "67"]
[EventDate "2017.04.20"]

1. Nf3 Nf6 2. c4 e6 3. d4 d5 4. g3 Bb4+ 5. Bd2 Be7 6. Bg2 O-O 7. O-O dxc4 8.
Qc2 b5 9. a4 b4 10. Bg5 Bb7 11. Bxf6 Bxf6 12. Ng5 Bxg5 13. Bxb7 Nd7 14. Bxa8
Qxa8 15. Qxc4 Qb7 16. Qb5 Qxb5 17. axb5 Ra8 18. e3 Be7 19. Rc1 Bd6 20. Nd2 Nb6
21. Nc4 Nxc4 22. Rxc4 Kf8 23. Rc6 Ke7 24. Rca6 Rb8 25. R1a5 Kd7 26. Rxa7 g6 27.
Kf1 b3 28. Ra8 Rb7 29. Rh8 h5 30. e4 Bb4 31. Raa8 Rxb5 32. Rhb8 c6 33. Ra7+ Kd6
34. Rd8# 1-0

[Event "Ä13Â"]
[Site "Loo"]
[Date "2017.04.21"]
[Round "2.3"]
[White "Ñòåïàíÿí, Ýâà."]
[Black "Òî÷èëêèíà, Åêàòåðèíà."]
[Result "1-0"]
[WhiteElo "1938"]
[BlackElo "1633"]
[PlyCount "77"]
[EventDate "2017.04.20"]

1. e4 c5 2. Nf3 d6 3. d4 cxd4 4. Nxd4 Nf6 5. Nc3 g6 6. Be3 Bg7 7. f3 O-O 8. Qd2
Nc6 9. O-O-O d5 10. exd5 Nxd5 11. Nxc6 bxc6 12. Bd4 e5 13. Bc5 Be6 14. Ne4 f5
15. Ng5 Bh6 16. h4 Re8 17. Ba6 Qc7 18. Kb1 Rad8 19. Nxe6 Bxd2 20. Nxc7 Nxc7 21.
Bc4+ Kg7 22. Bxa7 Nb5 23. Bb6 Rb8 24. Rxd2 Rxb6 25. Rd7+ Kh8 26. Kc1 Nd4 27. a4
Ne6 28. a5 Nc5 29. Rc7 Rb4 30. b3 Ra8 31. Rd1 Rbb8 32. Rxc6 Rxa5 33. Rd5 Nb7
34. Rb6 Raa8 35. Rdb5 Ra7 36. Bd5 Kg7 37. Rxb7+ Raxb7 38. Rxb7+ Rxb7 39. Bxb7
1-0